000 00805nam a2200241 i 4500
001 bg
100 1 _aDĄBROWSKI, Aleksander
245 1 0 _aAparatura i urządzenia techniczne w przemyśle spożywczym :
_bzagadnienia ogólnozawodowe /
_cAleksander Dąbrowski.
250 _aWyd. 4.
260 _aWarszawa :
_bWydawnictwa Szkolne i Pedagogiczne,
_c1996.
300 _a92, [1] s. :
_brys., wykr. ;
_c21 cm.
521 _aPodręcznik dla zasadniczych szkół zawodowych spożywczej.
650 9 _aMaszyny
_xbudowa i konstrukcje
650 9 _aPrzemysł rolno-spożywczy
_xurządzenia
655 _aPodręczniki szkolne
020 _a8302053082
040 _cBPK
041 0 _apl
080 _a621:664](075.3)
920 _a83-02-05308-2
942 _cKS
008 s pl f |000 0 pol
999 _c38561
_d38561
856 _uhttp://koha.tu.koszalin.pl/cgi-bin/koha/opac-detail.pl?biblionumber=38561
_yKatalog online BPK